• 首页
  • 本馆介绍
  • 公告通知
  • 最新文献
  • 馆藏检索
  • 电子资源
  • 读者导购
  • 参考咨询
  • 我的图书馆
  • 登录
  • 详细信息显示
  • 放入我的书架
  • 预约/预借图书
  • 作者相关作品
  • 分类相关作品
  • 丛书相关作品
  • 出版社相关作品

书目信息

  • 表格格式
  • 工作单格式
  • 卡片格式
题名:
基础医学问答
    
 
作者: ;河北新医大学赤脚医生参考丛书编写组 编
分册: 5   血液系统
出版信息: 北京   人民卫生出版社  1976
页数: 234页
开本: 19cm
丛书名: 赤脚医生参考丛书
单 册:
中图分类: R331
科图分类:
主题词: 基础医学-血液-循环系统 , 人体生理学 , 血液-基础医学-循环系统
电子资源:
ISBN:
000 00904nam2 2200289 45
001 0176000830
005 20070922164235.59
010    @dCNY0.46
091    @a14048.3510
100    @a19951011d1976 em y0chiy0121 ea
101 0  @achi
102    @aCN@b110000
105    @ay z 000yy
200 10 @a基础医学问答@Aji chu yi xue wen da@h5@i血液系统@f河北新医大学《赤脚医生参考丛书》编写组编
210    @a北京@c人民卫生出版社@d1976
215    @a234页@d19cm
225 2  @a赤脚医生参考丛书
300    @a附常用的血液检验正常值
410  0 @120010@a赤脚医生参考丛书
606    @a基础医学-血液-循环系统
606 0  @a人体生理学
606    @a血液-基础医学-循环系统
690    @aR331@v3
711 02 @a河北新医大学赤脚医生参考丛书编写组@Ahe bei xin yi da xue chi jiao yi sheng can kao cong shu bian xie zu@4编
801  0 @aCN@bTSSF@c20070922
801  2 @aCN@bNLC@c20060815
905    @a10447@dR331@e2:5
    
    基础医学问答.5.血液系统/河北新医大学《赤脚医生参考丛书》编写组编.-北京:人民卫生出版社,1976
    234页;19cm.-(赤脚医生参考丛书)
    附常用的血液检验正常值
    
    ISBN :CNY0.46
    
●
相关链接 在E读中查询图书 在五车中查询图书 在当当中查询图书 在豆瓣中查询图书


正题名:基础医学问答     索取号:R331/2:5         预约/预借

序号 登录号 条形码 馆藏地/架位号 状态 备注
1 0458387   204583879   密集书库/ [索取号:R331/2:5] 在馆    
2 626055   206260552   密集书库/ [索取号:R331/2:5] 在馆    
唐山师范学院图书馆 欢迎您!
大连网信软件有限公司© 版权所有